| 000 | 00807cam a22002651 4500 | ||
|---|---|---|---|
| 001 | 16255 | ||
| 003 | BD-RjUL | ||
| 005 | 20211209000003.0 | ||
| 008 | 140213s1961 xx 001 0 eng | ||
| 035 | _a(BD-RjUL)16310 | ||
| 035 | _a(OCoLC)522301 | ||
| 040 |
_aDLC _cOClU _dDLC _dBD-RjUL _beng |
||
| 041 | _aeng | ||
| 082 | 0 | 0 |
_a658.8 _bTAM 1961 |
| 100 | 1 |
_aTaylor, Weldon Johnson, _d1908- _950274 |
|
| 245 | 0 | 0 |
_aMarketing : _bAn integrated analytical approach / _cby Weldon J. Taylor and Roy T. Shaw, Jr. |
| 260 |
_aCincinnati : _bSouth-western Pub. Co., _c1961. |
||
| 300 |
_a710 p. : _billus. ; _c24 cm. |
||
| 504 | _aIncludes index. | ||
| 650 | 0 |
_aMarketing. _950275 |
|
| 700 | 1 |
_aShaw, Roy Thomas, _d1916- _ejoint author. _950276 |
|
| 942 |
_2ddc _cBK |
||
| 999 |
_c16255 _d16255 |
||